AC Milan players (2010-2020) - Statistics

General Stats
  • This quiz has been taken 42 times
  • The average score is 75 of 133
Answer Stats
Rank Player Positions Nationality Matches Goals (assists) Period % Correct
19 Keisuke Honda AM 81 9 (11) 2013-2017
97%
5 Christian Abbiati GK 134 0 (0) 2010-2016
94%
10 Robinho LW 108 25 (24) 2010-2014
94%
21 Zlatan Ibrahimović ST 79 52 (24) 2010-2012, 2019-2020
94%
49 Alexandre Pato ST 40 15 (7) 2010-2013
91%
2 Gianluigi Donnarumma GK 178 0 (0) 2015-2020
91%
12 Hakan Çalhanoğlu DM 102 18 (24) 2017-2020
91%
64 Rafael Leão LW 31 6 (1) 2019-2020
91%
11 Franck Kessié CM 106 16 (6) 2017-2020
88%
1 Ignazio Abate RB 213 3 (16) 2010-2019
88%
66 Kaká AM 30 7 (6) 2013-2014
88%
16 Kevin-Prince Boateng AM 85 11 (13) 2010-2013, 2015-2016
88%
7 Suso RW 126 21 (30) 2014-2020
88%
39 Clarence Seedorf CM 48 6 (7) 2010-2012
85%
8 Cristian Zapata CB 111 3 (3) 2012-2019
85%
13 Davide Calabria RB 91 3 (7) 2014-2020
85%
62 Ismaël Bennacer DM 31 1 (0) 2019-2020
85%
57 Krzysztof Piatek ST 36 13 (1) 2018-2020
85%
20 Nigel de Jong DM 79 6 (3) 2012-2016
85%
15 Philippe Mexès CB 86 6 (1) 2011-2016
85%
25 Ricardo Rodríguez LB 74 1 (2) 2017-2020
85%
72 André Silva ST 25 2 (0) 2017-2018, 2019-2020
82%
26 Carlos Bacca ST 70 31 (6) 2015-2017
82%
127 Flavio Roma GK 1 0 (0) 2010-2011
82%
29 Mario Balotelli ST 63 27 (8) 2012-2014, 2015-2016
82%
88 Rade Krunic DM 15 0 (1) 2019-2020
82%
89 Simon Kjaer CB 15 0 (0) 2019-2020
82%
61 Theo Hernández LB 33 6 (5) 2019-2020
82%
33 Thiago Silva CB 60 3 (1) 2010-2012
82%
45 Alessandro Nesta CB 43 1 (0) 2010-2012
79%
3 Alessio Romagnoli CB 156 6 (1) 2015-2020
79%
4 Giacomo Bonaventura AM 155 30 (29) 2014-2020
79%
17 Stephan El Shaarawy LW 83 21 (10) 2011-2015
79%
98 Fernando Torres ST 10 1 (0) 2014-2015
76%
58 Leonardo Bonucci CB 35 2 (0) 2017-2018
76%
6 Riccardo Montolivo DM 129 8 (8) 2012-2018
76%
37 Samu Castillejo RW 53 6 (5) 2018-2020
76%
92 Alexis Saelemaekers RW 13 1 (1) 2019-2020
73%
80 Andrea Pirlo DM 17 1 (3) 2010-2011
73%
56 Diego López GK 36 0 (0) 2014-2016
73%
54 Gennaro Gattuso CM 37 2 (2) 2010-2012
73%
85 Gonzalo Higuaín ST 15 6 (1) 2018-2019
73%
31 Mateo Musacchio CB 62 1 (2) 2017-2020
73%
97 Ronaldinho LW 11 0 (3) 2010-2011
73%
27 Sulley Muntari CM 70 11 (3) 2011-2015
73%
42 Alex CB 46 4 (1) 2014-2016
70%
71 Ante Rebić LW 26 11 (3) 2019-2020
70%
35 Lucas Biglia DM 58 2 (2) 2017-2020
70%
51 Mark van Bommel CM 39 0 (1) 2010-2012
70%
32 Massimo Ambrosini CM 60 2 (5) 2010-2013
70%
63 Nikola Kalinić ST 31 6 (5) 2017-2018
70%
22 Urby Emanuelson CM 75 3 (11) 2010-2014
70%
73 Diego Laxalt LB 24 0 (0) 2018-2020
67%
69 Gianluca Lapadula ST 27 8 (3) 2016-2017
67%
46 Jérémy Ménez ST 43 18 (4) 2014-2016
67%
34 Juraj Kucka CM 59 4 (5) 2015-2017
67%
52 Mario Yepes CB 38 1 (0) 2010-2013
67%
102 Maxi López ST 8 1 (2) 2011-2012
67%
28 M'Baye Niang ST 67 8 (8) 2012-2017
67%
76 Michael Essien DM 20 0 (0) 2013-2015
67%
112 Pepe Reina GK 5 0 (0) 2018-2020
67%
53 Andrea Conti RB 37 0 (4) 2017-2020
64%
44 Gabriel Paletta CB 44 2 (2) 2014-2015, 2016-2017
64%
68 Marco Amelia GK 29 0 (0) 2010-2014
64%
120 Asmir Begovic GK 2 0 (0) 2019-2020
61%
65 Tiemoué Bakayoko DM 31 1 (1) 2018-2019
61%
23 Antonio Nocerino CM 74 12 (4) 2011-2014, 2015-2016
58%
93 Filippo Inzaghi ST 13 3 (0) 2010-2012
58%
70 Gianluca Zambrotta RB 27 1 (0) 2010-2012
58%
60 Luiz Adriano ST 33 4 (4) 2015-2017
58%
74 Mario Pasalić CM 24 5 (1) 2016-2017
58%
9 Mattia De Sciglio RB 110 0 (4) 2011-2017
58%
59 Antonio Cassano CF 33 7 (17) 2010-2012
55%
121 Daniel Maldini AM 2 0 (0) 2019-2020
55%
30 Patrick Cutrone ST 63 13 (6) 2016-2019
55%
50 Adil Rami CB 39 4 (2) 2013-2015
52%
14 Andrea Poli CM 90 3 (4) 2013-2017
52%
24 Giampaolo Pazzini ST 74 21 (3) 2012-2015
52%
78 Gustavo Gómez CB 18 0 (0) 2016-2017
52%
40 Luca Antonini LB 48 0 (3) 2010-2013
52%
41 Manuel Locatelli DM 48 2 (0) 2015-2018
52%
111 Marek Jankulovski LB 5 0 (0) 2010-2011
52%
79 José Sosa AM 18 0 (3) 2016-2017
48%
43 Kévin Constant LB 45 0 (2) 2012-2014
48%
94 Matías Fernández AM 13 1 (2) 2016-2017
48%
83 Alessandro Matri ST 15 1 (0) 2013-2014
45%
105 Alexander Merkel CM 7 0 (0) 2010-2012
45%
18 Daniele Bonera CB 81 0 (0) 2010-2015
45%
38 Fabio Borini LW 51 4 (2) 2017-2020
45%
81 Gerard Deulofeu ST 17 4 (3) 2016-2017
45%
36 Luca Antonelli LB 53 4 (2) 2014-2018
45%
55 Lucas Paquetá AM 37 1 (2) 2018-2020
45%
131 Marco Borriello ST 1 0 (1) 2010-2011
45%
82 Marco van Ginkel CM 17 1 (3) 2014-2015
45%
48 Mathieu Flamini DM 42 7 (2) 2010-2013
45%
90 Valter Birsa AM 15 2 (0) 2013-2014
45%
67 Alessio Cerci RW 29 1 (6) 2014-2016
42%
47 Andrea Bertolacci CM 42 2 (2) 2015-2017
42%
109 Francesco Acerbi CB 6 0 (0) 2012-2013
42%
107 Gabriel GK 7 0 (0) 2013-2014
42%
116 Taye Taiwo LB 4 0 (0) 2011-2012
42%
110 Léo Duarte CB 6 0 (0) 2019-2020
39%
108 Massimo Oddo RB 7 0 (2) 2010-2011
39%
91 Adel Taarabt CM 14 4 (2) 2013-2014
36%
77 Bojan Krkic CF 19 3 (2) 2012-2013
36%
99 Djamel Mesbah LB 9 0 (0) 2011-2013
36%
95 Lucas Ocampos LW 12 0 (2) 2016-2017
36%
87 Mattia Destro ST 15 3 (0) 2014-2015
36%
106 Bakaye Traoré CM 7 0 (0) 2012-2013
33%
100 Matteo Gabbia CB 9 0 (0) 2019-2020
33%
113 Sokratis Papastathopoulos CB 5 0 (0) 2010-2011
33%
86 Leonel Vangioni LB 15 0 (0) 2016-2017
30%
119 Rodrigo Ely CB 3 0 (0) 2015-2016
30%
96 José Mauri CM 11 0 (1) 2015-2016, 2017-2019
27%
115 Rodney Strasser DM 4 1 (0) 2010-2012
27%
75 Alberto Aquilani CM 23 1 (6) 2011-2012
24%
118 Bryan Cristante DM 3 1 (1) 2013-2014
24%
84 Cristian Zaccardo CB 15 1 (1) 2012-2015
24%
125 Dídac Vilà LB 1 0 (0) 2010-2011
24%
133 Nnamdi Oduamadi LW 1 0 (0) 2010-2011
21%
103 Pablo Armero LM 8 0 (1) 2014-2015
21%
122 Nicola Legrottaglie CB 2 0 (0) 2010-2011
18%
101 Salvatore Bocchetti CB 9 0 (0) 2014-2015
18%
130 Lorenzo Colombo ST 1 0 (0) 2019-2020
15%
114 Matías Silvestre CB 4 1 (0) 2013-2014
15%
117 Andrea Petagna ST 3 0 (0) 2013-2014
12%
104 Riccardo Saponara AM 8 0 (0) 2013-2015
9%
132 Marco Brescianini CM 1 0 (0) 2019-2020
3%
123 Alessandro Mastalli CM 1 0 (0) 2014-2015
0%
124 Davide Di Molfetta AM 1 0 (0) 2014-2015
0%
126 Emanuele Torrasi CM 1 0 (0) 2017-2018
0%
128 Giacomo Beretta ST 1 0 (0) 2010-2011
0%
129 Gian Filippo Felicioli LB 1 0 (0) 2014-2015
0%
No matching quizzes found
Score Distribution
Percent of People with Each Score
Percentile by Number Answered
Your Score History
You have not taken this quiz